Polskie piosenki lat 80-tych #2 (trudne) - Statystyki

Ogólne statystyki
  • Ten quiz został rozwiązany 165 razy
  • Średni wynik to 7 z 20
Statystyki odpowiedzi
Tytuł utworu: Wykonawca: % Poprawnych
Ostatni raz zatańczysz ze mną Krzysztof Krawczyk
83%
Meluzyna Małgorzata Ostrowska
79%
Nie liczę godzin i lat Andrzej Rybiński
76%
Psalm stojących w kolejce Krystyna Prońko
48%
Najpiękniejsza w klasie Majka Jeżowska
44%
Baw się lalkami Andrzej Zaucha
40%
Serca gwiazd Halina Frąckowiak
36%
W kolorze krwi Zdzisława Sośnicka
33%
Nad wszystko uśmiech twój Zbigniew Wodecki
31%
Twoja Lorelei Kapitan Nemo
29%
Dobranoc panowie Maryla Rodowicz
29%
Mamy po 20 lat Halina Benedyk
27%
Przed nocą i mgłą Alicja Majewska
26%
Szał sezonowej mody Urszula
26%
Jedyny hotel w mieście Jacek Skubikowski
21%
Tankowanie nocą Franek Kimono / Piotr Fronczewski
19%
Kiedy będę starą kobietą Martyna Jakubowicz
17%
Nie masz prawa Monika Borys
17%
Gdybyś była inna Felicjan Andrzejczak
9%
Zanim czas zmieni nas Eleni
7%
Nie znaleziono quizów pasujących do podanych kryteriów
Rozkład punktacji
Procent ludzi z każdym wynikiem
Percentyl według liczby udzielonych odpowiedzi
Twoja historia wyników
Nie rozwiązałeś tego quizu